000 00471ntaaa2200181 4500
003 01
005 20251027201916.0
008 0714s1973 ag 01
040 _aAR-BaBN
_bspa
_cAR-BaBN
_eaacr
_dRIC
082 _a244.1000 V42
100 _aVaretto, Juan C.
_97850
245 _aJesús de Nazaret
250 _a1 ed. :
_bJunta de Publicaciones,
_c1950
300 _a55 p.
500 _aHistoria bíblica para niños
650 _aHistorias Bíblicas
_910167
942 _cBK
999 _c13797
_d13797